<?xml version="1.0" encoding="UTF-8"?>
<record
    xmlns:xsi="http://www.w3.org/2001/XMLSchema-instance"
    xsi:schemaLocation="http://www.loc.gov/MARC21/slim http://www.loc.gov/standards/marcxml/schema/MARC21slim.xsd"
    xmlns="http://www.loc.gov/MARC21/slim">

  <leader>01263nam a22001937a 4500</leader>
  <controlfield tag="005">20210414113959.0</controlfield>
  <controlfield tag="008">120606t        xxu||||| |||| 00| 0 eng d</controlfield>
  <datafield tag="020" ind1=" " ind2=" ">
    <subfield code="a">0826461271</subfield>
  </datafield>
  <datafield tag="050" ind1=" " ind2=" ">
    <subfield code="a">HF5635.L96</subfield>
  </datafield>
  <datafield tag="100" ind1=" " ind2=" ">
    <subfield code="a">Lucey, Terry.</subfield>
  </datafield>
  <datafield tag="245" ind1=" " ind2=" ">
    <subfield code="a">Costing /</subfield>
    <subfield code="c">Terry Lucey</subfield>
  </datafield>
  <datafield tag="250" ind1=" " ind2=" ">
    <subfield code="a">6th edition</subfield>
  </datafield>
  <datafield tag="260" ind1=" " ind2=" ">
    <subfield code="a">London:</subfield>
    <subfield code="b">Thomson,</subfield>
    <subfield code="c">2002.</subfield>
  </datafield>
  <datafield tag="300" ind1=" " ind2=" ">
    <subfield code="a">x,609p.:</subfield>
    <subfield code="b">ill.;</subfield>
    <subfield code="c">20cm.</subfield>
  </datafield>
  <datafield tag="500" ind1=" " ind2=" ">
    <subfield code="a">Includes index</subfield>
  </datafield>
  <datafield tag="505" ind1=" " ind2=" ">
    <subfield code="a">Contents: What is costing -- The framework of cost accounting -- Classification and coding -- Materials-purchasing, reception and storage -- Materials-stock recording and inventory control -- Materials-pricing issues and stocks -- Labour- remuneration methods -- Labour-recording, costing and allied procedures -- Overheads -- Cost accounts -- Costing methods-introduction -- job and batch costing -- operaion and service costing -- process costing -- joint product and by-product costing -- Planning, control and decision making -- Cost bahaviour -- Marginal and absorption costing -- Short-run decision making -- Break-even analysis -- Capital investment appraisal -- Budgets -- Standard costing- introduction -- variance analysis --Uniform costing -- Case exercises. </subfield>
  </datafield>
  <datafield tag="650" ind1=" " ind2=" ">
    <subfield code="a">Cost accounting</subfield>
    <subfield code="x">-- Study and teaching</subfield>
  </datafield>
  <datafield tag="942" ind1=" " ind2=" ">
    <subfield code="2">lcc</subfield>
    <subfield code="c">BK</subfield>
  </datafield>
  <datafield tag="999" ind1=" " ind2=" ">
    <subfield code="c">1131</subfield>
    <subfield code="d">8631</subfield>
  </datafield>
  <datafield tag="952" ind1=" " ind2=" ">
    <subfield code="0">0</subfield>
    <subfield code="1">0</subfield>
    <subfield code="2">lcc</subfield>
    <subfield code="4">0</subfield>
    <subfield code="7">0</subfield>
    <subfield code="a">WIUC-1</subfield>
    <subfield code="b">WIUC-1</subfield>
    <subfield code="c">GEN</subfield>
    <subfield code="d">2012-06-06</subfield>
    <subfield code="l">0</subfield>
    <subfield code="o">HF5635.L96</subfield>
    <subfield code="p">2905/12</subfield>
    <subfield code="r">2012-06-06 00:00:00</subfield>
    <subfield code="t">1</subfield>
    <subfield code="w">2012-06-06</subfield>
    <subfield code="y">BK</subfield>
  </datafield>
  <datafield tag="952" ind1=" " ind2=" ">
    <subfield code="0">0</subfield>
    <subfield code="1">0</subfield>
    <subfield code="2">lcc</subfield>
    <subfield code="4">0</subfield>
    <subfield code="7">0</subfield>
    <subfield code="a">WIUC-1</subfield>
    <subfield code="b">WIUC-1</subfield>
    <subfield code="c">GEN</subfield>
    <subfield code="d">2012-06-06</subfield>
    <subfield code="l">0</subfield>
    <subfield code="o">HF5635.L961</subfield>
    <subfield code="p">2906/12</subfield>
    <subfield code="r">2012-06-06 00:00:00</subfield>
    <subfield code="t">2</subfield>
    <subfield code="w">2012-06-06</subfield>
    <subfield code="y">BK</subfield>
  </datafield>
  <datafield tag="952" ind1=" " ind2=" ">
    <subfield code="0">0</subfield>
    <subfield code="1">0</subfield>
    <subfield code="2">lcc</subfield>
    <subfield code="4">0</subfield>
    <subfield code="7">0</subfield>
    <subfield code="a">WIUC-1</subfield>
    <subfield code="b">WIUC-1</subfield>
    <subfield code="c">GEN</subfield>
    <subfield code="d">2012-06-06</subfield>
    <subfield code="l">0</subfield>
    <subfield code="o">HF5635.L962</subfield>
    <subfield code="p">2907/12</subfield>
    <subfield code="r">2012-06-06 00:00:00</subfield>
    <subfield code="t">3</subfield>
    <subfield code="w">2012-06-06</subfield>
    <subfield code="y">BK</subfield>
  </datafield>
</record>
